Podaj łapę! : jak wyszkolić mądrego psa /
Wedi'i Gadw mewn:
| Prif Awdur: | |
|---|---|
| Awduron Eraill: | |
| Fformat: | Llyfr |
| Iaith: | Pwyleg Almaeneg |
| Cyhoeddwyd: |
Warszawa :
"Świat Książki",
2003.
|
| Pynciau: | |
| Tagiau: |
Dim Tagiau, Byddwch y cyntaf i dagio'r cofnod hwn!
|
MARC
| LEADER | 00000nam a2200000 i 4500 | ||
|---|---|---|---|
| 001 | 991021376519705066 | ||
| 005 | 20260515100513.0 | ||
| 008 | 030821s2003 pl a |001 0 pol | ||
| 009 | b0000001578332 | ||
| 015 | |a UWD 2003/13771 | ||
| 020 | |a 8373116710 | ||
| 035 | |a 991021376519705066 | ||
| 035 | |a (PL-WaBN)b15783327-48omnis_nlop | ||
| 035 | |a b15783327 | ||
| 035 | |a (OCoLC)749295055 | ||
| 035 | |a zz2003868594 | ||
| 035 | |a (PL)b0000001578332 | ||
| 035 | |a (EXLNZ-48OMNIS_NETWORK)9910295513005606 | ||
| 040 | |a WA N |c WA N |d WA N | ||
| 041 | 1 | |a pol |h ger | |
| 080 | |a 636.7.045.088(083.1) | ||
| 100 | 1 | |a Wegmann, Angela | |
| 245 | 1 | 0 | |a Podaj łapę! : |b jak wyszkolić mądrego psa / |c Angela Wegmann ; z niem. przeł. Ewa Walewska-Wilk. |
| 246 | 1 | |i Tyt. oryg.: |a Freizeitspass mit Hunden, |f 2001 | |
| 260 | |a Warszawa : |b "Świat Książki", |c 2003. | ||
| 300 | |a 175 s. : |b il. kolor. ; |c 23 cm. | ||
| 336 | |a Tekst |b txt |2 rdacontent | ||
| 337 | |a Bez urządzenia pośredniczącego |b n |2 rdamedia | ||
| 338 | |a Wolumin |b nc |2 rdacarrier | ||
| 380 | |a Książki | ||
| 500 | |a Na okł. podtyt.: wspólna zabawa, przydatne umiejętności, zdrowa rekreacja. | ||
| 504 | |a Bibliogr. Indeks. | ||
| 650 | 7 | |a Psy |2 DBN | |
| 650 | 7 | |a Tresura |2 DBN | |
| 655 | 7 | |a Poradnik |2 DBN | |
| 658 | |a Opieka nad zwierzętami i weterynaria | ||
| 700 | 1 | |a Walewska-Wilk, Ewa |e Tłumaczenie | |
| 710 | 2 | |a Świat Książki |4 pbl | |
| 942 | |2 ddc |c BK |n 0 | ||
| 952 | |0 0 |1 0 |2 ddc |4 0 |6 W__4_000000000000000 |7 0 |9 17 |a WRO |b WRO |d 2026-04-10 |e da |g 10.00 |i WRO-004 |l 0 |o W.4 |p 2000100000045 |r 2026-04-10 23:38:43 |v 10.00 |w 2026-04-10 |y BK | ||
| 999 | |c 17 |d 17 | ||